Quiz Sports années 2010 - Statistiques

Statistiques générales
  • Ce quiz a été pris 208 fois
  • Le résultat moyen est 8 sur 15
Statistiques - réponses
Question Réponse % Correct
Qui a remporté la Coupe du monde 2010 ? Espagne
86%
Qui a été le seul buteur portugais lors de la finale de l'euro 2016 ? Eder
74%
Pour combien d'euros Neymar a signé au PSG ? 222 millions
71%
Combien de ballon d'or a remporté Ronaldo dans sa carrière ? 5
69%
Qui a remporté la ligue 1 en 2013-2014 ? PSG
69%
Ou a été organisé les JO 2012 ? Royaume-Uni
69%
Qui a remporté le titre de champion de F1 en 2021 ? Verstappen
60%
Qui a remporté la NBA en 2012 ? Miami Heat
55%
Qui a remporté le Tour de France 2019 ? Bernal
45%
Contre quelle équipe Denver a gagné son premier titre de NBA en 2023 ? Miami Heat
45%
En remportant la médaille d'or lors des JO 2016 quelle était le chrono d'Usain Bolt ? 9.81
43%
Qui a remporté Wimbledon masculin en 2011 ? Djokovic
33%
Qui a remporté le titre de champions du Top14 en 2021-2022 ? Montpellier
26%
Qui a remportée Roland Garros féminin en 2017 ? Ostapenko
21%
Qui a remporté la tournoi des Six Nations en 2015 ? Irlande
19%
Aucun quiz correspondant
Distribution des résultats
% des personnes avec chaque résultat
Percentile par nombre de réponses
Votre historique - résultats
Vous n’avez pas pris ce quiz